000 00343nam a22000977a 4500
082 _a954
100 _aओझा, डॉ. डी. डी.
_983880
245 _aप्राचीन भारत में विज्ञान
260 _a दिल्‍ली
_b सत्‍साहित्‍य प्रकाशन
_c 2025
942 _cBK
999 _c68880
_d68880